Munich a new guide

Saved in:
Bibliographic Details
Main Author: STEINKOPF, E.
Format: Book
Language:English
Published: Karl M. Lipp. 1970
Tags: Add Tag
No Tags, Be the first to tag this record!

MARC

LEADER 00000nam a22000007a 4500
008 210122b ||||| |||| 00| 0 eng d
100 |a STEINKOPF, E. 
245 |a Munich   |b a new guide  |c E. Steinkopf.  |g  122p. 
250 |b 7th ed. 
260 |b Karl M. Lipp.  |c 1970  |h Munich  |i 689277  |l DD901.M77St3  |m Munich (Germany) - Description and travel. 
942 |a lcc  |c BK  |e Ogunmilade F.T.  |f 21/1/2021 
952 |0 0  |1 0  |2 lcc  |4 0  |6 DD0901 M77 S T3  |7 0  |9 1482  |a HOL  |b HOL  |c AF  |d 2021-01-22  |l 0  |o DD901 .M77St3  |p 2021-0279  |r 2021-01-22 00:00:00  |w 2021-01-22  |y BK 
999 |c 776  |d 776